Smrť v spánku Dušan Hergott zomrel nečakane. Najviac bude chýbať družke Soni a šesťročnej dcére Sáre

Bibliographic Details
Main Author: Ďurčeková, Mária (Author)
Format: Article
Language:Slovak
PhysicalDescription:Obr.
ISSN:1210-2040
Subjects:

MARC

LEADER 00000nab a2200000 a 4500
001 vtls008425164
003 SK-MaSNL
005 20260303065923.0
008 160322 2006 xo r r 000 0 slo
015 |a SNBRB2006/01 
038 |a KEVKJB 
040 |a KEVKJB  |b slo  |c KEVKJB  |e AACR2 
041 0 |a slo 
044 |a xo  |c SK 
080 |a 78.071.2  |2 UDC-MRF-SK2 
080 |a 929 Hergott, Dušan  |2 UDC-MRF-SK2 
080 |a 616-036.886  |2 UDC-MRF-SK2 
100 1 |a Ďurčeková, Mária  |4 aut  |9 43524 
245 1 0 |a Smrť v spánku  |b Dušan Hergott zomrel nečakane. Najviac bude chýbať družke Soni a šesťročnej dcére Sáre  |c Mária Ďurčeková 
300 |b Obr. 
600 1 7 |a Hergott, Dušan  |d 1958-2006  |2 kevkjb 
610 2 7 |a Senzus (hudobná skupina)  |2 kevkjb  |9 32413 
650 0 7 |a náhla smrť  |2 kevkjb  |9 82624 
773 0 |t Plus 7 dní  |g Roč. XVI, č. 4 (2006), s. 114-115  |x 1210-2040 
852 |a KEVKJB  |b KIS3GCP 
958 |a BX 
999 |c 1753262  |d 1755192